| 000 | 00509nam a22001937a 4500 | ||
|---|---|---|---|
| 003 | LC | ||
| 005 | 20160222141608.0 | ||
| 008 | 131001t xxu||||| |||| 00| 0 eng d | ||
| 020 | _a9780671852214 | ||
| 050 |
_aHF 5549.5.E45 _b.K26 1988 |
||
| 082 |
_aFIC _bK25nf 1988 |
||
| 100 |
_aKeene, Carolyn _94653 |
||
| 245 |
_aInternational assignments _cCarolyn Keene. |
||
| 260 |
_aNew York : _bSimon & Schuster, _cc1988. |
||
| 300 |
_a150 p. : _c18 cm. |
||
| 562 | _e1 | ||
| 942 |
_2lcc _cBK |
||
| 999 |
_c12447 _d12447 |
||